000 00711nam a2200241Ia 4500
003 OSt
005 20220930071907.0
006 a|||||r|||| 00| 0
007 ta
008 220926b |||||||| |||| 00| 0 hin d
024 _a18404
037 _cTheses
040 _aCRL
_cCRL
_bhin
041 _2hin
_ahin
100 _aKathuria Sunder Lal
_9418166
110 _aUniversity of Delhi. Faculty of Arts. Department of Hindi
245 0 _aHindi kavya shastriya ke sandharbh mein rasa sankhya vivechan
260 _c1975
650 _aHINDI LITERATURE
_923866
700 _aUniversity of Delhi. Faculty of Arts. Department of Hindi
942 _cDIS
_2CC
999 _c863013
_d863013